000 00865pam a2200277 a 4500
001 3260566
003 GBCCL
005 20241126110350.0
008 810616s1982 nyu b 001 0 eng
010 _a 81011026
020 _a019502947X (hard) :
_c$16.00
020 _a0195029488 (pbk.) :
_c$5.00
040 _aDLC
_cDLC
_dDLC
050 0 0 _aBJ1251
_b.M66 1982
082 0 0 _a241.67
_219
_bMOT
100 1 _aMott, Stephen Charles.
_91584
245 1 0 _aBiblical ethics and social change /
_cStephen Charles Mott.
260 _aNew York :
_bOxford University Press,
_c1982.
300 _axvii, 254 p. ;
_c22 cm.
504 _aIncludes bibliographical references and index.
650 0 _aChristian ethics.
_968
650 0 _aSocial ethics.
_9171
650 0 _aEthics in the Bible.
_9145
906 _a7
_bcbc
_corignew
_d1
_eocip
_f19
_gy-gencatlg
942 _2ddc
_cBK
_06
999 _c962
_d962